Interpretación, indicación y valoración de los análisis clínicos / (Record no. 107468)

MARC details
000 -LEADER
campo de control de longitud fija 00558nam a2200169 4500
001 - NÚMERO DE CONTROL
campo de control 107468
003 - IDENTIFICADOR DE NÚMERO DE CONTROL
campo de control ES-MaACL
005 - FECHA Y HORA DE LA ÚLTIMA TRANSACCIÓN
campo de control 20230906184428.0
007 - CAMPO FIJO DE DESCRIPCIÓN FÍSICA--INFORMACIÓN GENERAL
campo de control de longitud fija t|
008 - DATOS DE LONGITUD FIJA--INFORMACIÓN GENERAL
campo de control de longitud fija 061121s1947 sp r ||||1| spa d
100 1# - ENTRADA PRINCIPAL--NOMBRE DE PERSONA
Nombre de persona Morato Cárdenas, Teófilo.
9 (RLIN) 83164
245 10 - MENCIÓN DEL TÍTULO
Título Interpretación, indicación y valoración de los análisis clínicos /
Mención de responsabilidad, etc. Teófilo Morato Cárdenas; prólogo del profesor A. del Cañizo.
260 ## - PUBLICACIÓN, DISTRIBUCIÓN, ETC.
Lugar de publicación, distribución, etc. Madrid :
Nombre del editor, distribuidor, etc. Alhambra,
Fecha de publicación, distribución, etc. 1947.
300 ## - DESCRIPCIÓN FÍSICA
Extensión 349 p. ;
Dimensiones 22.
700 1# - ENTRADA AGREGADA--NOMBRE PERSONAL
Nombre de persona Cañizo, A. del.
9 (RLIN) 34760
852 ## - LOCALIZACIÓN
Ubicación ES-MaACL
Número de control de estantería D-7716
Sublocalización o colección R.28953
Holdings
Estatus retirado Estado de pérdida Estado de daño No para préstamo Biblioteca de origen Biblioteca actual Ubicación en estantería Fecha de adquisición Fuente de adquisición Total de préstamos Signatura topográfica completa Código de barras Visto por última vez Precio de reemplazo Tipo de ítem Koha
        Biblioteca del Ateneo de Madrid Biblioteca del Ateneo de Madrid Sala Valle Inclán 17/01/2008     D-7716 901112160 23/02/2023 23/02/2023 Libro impreso